Normal view
MARC view
- الاردن-تاريخ-احوال اجتماعية-حياة وعادات وتقاليد
Entry Topical Term
001 - CONTROL NUMBER
- control field: 61127
003 - CONTROL NUMBER IDENTIFIER
- control field: JO-AjAnu
005 - DATE AND TIME OF LATEST TRANSACTION
- control field: 20230606084005.0
008 - FIXED-LENGTH DATA ELEMENTS
- fixed length control field: 230606|| aca||aabn | a|a d
040 ## - CATALOGING SOURCE
- Original cataloging agency: JO-AjAnu
- Transcribing agency: JO-AjAnu
150 ## - HEADING--TOPICAL TERM
- Topical term or geographic name entry element: الاردن-تاريخ-احوال اجتماعية-حياة وعادات وتقاليد
670 ## - SOURCE DATA FOUND
- Source citation: Work cat.: (JO-AjAnu)31178: بقلم سلمان، الارشمندريت بولس, author 61126, خمسة اعوام في شرقي الاردن: ابحاث اخلاقية، ادبية، قضائية، دينية